000 00557 a2200181 4500
999 _c8410
_d8410
010 _aENG-88460
020 _a00700648182
_c210.00
035 _aEN-71993
037 _bDBAD / PUB
082 0 0 _a621.3815
100 1 _aSalivahanan, S.
245 1 0 _aLinear integrated circuits/
_cby S.Salivahanan [and] V.S.Kanchana Bhaaskaran
260 _aNew Delhi
_bTata McGraw-Hill Publishing
_c2008
300 _axx, 661 p.
_c23cm (pbk )
500 _aIncludes Index
700 1 _aKanchana Bhaaskaran, V. S.
942 _adpl
_cEN
_2ddc
_h621.3815
_mSAL